| 000 | 00352nam a2200145Ia 4500 | ||
|---|---|---|---|
| 008 | 230312s9999||||xx |||||||||||||| ||und|| | ||
| 020 | _a0-86706-150-2 | ||
| 082 |
_a641.665 _bGRE |
||
| 245 | 0 | _aGreat Meals in Minutes | |
| 260 |
_bTime life books _aUSA _c1983 |
||
| 300 | _a103 | ||
| 546 | _aEng. | ||
| 650 |
_aArchitecture _vMeet the cooks |
||
| 942 | _cBK | ||
| 999 |
_c1236 _d1236 |
||